| 000 | 00917nam a2200217Ia 4500 | ||
|---|---|---|---|
| 999 |
_c37430 _d37430 |
||
| 001 | 3389 | ||
| 003 | GE_BSU | ||
| 005 | 20190606185446.0 | ||
| 008 | 181216s1983||||ge |||||||||||||| ||geo|| | ||
| 040 | _cGE_BSU | ||
| 041 | _ageo | ||
| 080 | _a658.512.2(075.8) ს–92 | ||
| 100 |
_aსულავა, ჯ. _92255 |
||
| 245 |
_aმხატვრული კონსტრუირების საფუძვლები : დამხმ. სახელმძღ. / _cჯ. სულავა ; რედ : ე. გიორგაძე. |
||
| 264 |
_aთბილისი : _bსპი, _c1983. |
||
| 300 |
_a75 გვ .: _c20 სმ. |
||
| 504 | _aბიბლიოგრ.:გვ.74. | ||
| 653 | _aმხატვრული კონსტრუქციების საფუძვლები | ||
| 700 |
_aგიორგაძე, ე _eრედაქტორი _9398 |
||
| 942 |
_cBK _2udc |
||